Transport processes in wood

Bibliographic Details
Main Author: SIAU
Format: Book
Published: Berlin ; New York : Springer-Verlag , 1984
Series:Springer series in wood science
Subjects:

MARC

LEADER 00000cam a2200000 7i4500
001 0000002387
005 20030604.0
020 0 0 |a 0387125744 
090 0 0 |a 674.132   |b SIA 1984 
100 1 0 |a SIAU   |h John F. 
245 1 0 |a Transport processes in wood   |c John F. Siau 
260 0 0 |a Berlin ; New York :   |b Springer-Verlag ,   |c 1984 
300 |a ix, 245 p. :   |b ill. ;   |c 25 cm. 
440 0 0 |a Springer series in wood science 
500 0 0 |a Includes bibliography: p. [226]-232 and index 
650 0 0 |a Wood   |x Anatomy 
650 0 0 |a Wood   |x Moisture 
650 0 0 |a Wood   |x Permeability 
998 |a JPSM 
999 |a 0000004244   |b Monograph   |c Open Shelf   |e Default branch